Statistics for DJ Khaled Charting Songs (Billboard Hot 100)

Click here to take the quiz!

General Stats

  • This quiz has been taken 55 times
    (7 since last reset)
  • The average score is 27 of 57

Answer Stats

AlbumWeeks OnPeakArtist(s)Song% Correct
Grateful22 Weeks#1 (1 Week)DJ Khaled ft. Justin Bieber, Quavo, Chance the Rapper & Lil WayneI'm The One
100%
Major Key20 Weeks#27DJ Khaled ft. Nicki Minaj, Chris Brown, August Alsina, Jeremih, Future & Rick RossDo You Mind
83%
Major Key20 Weeks#13DJ Khaled ft. DrakeFor Free
83%
God Did3 Weeks#17DJ Khaled ft. Lil Wayne, John Legend, Rick Ross, Jay-Z & FridayyGod Did
83%
I Changed a Lot20 Weeks#39DJ Khaled ft. Chris Brown, August Alsina, Future & JeremihHold You Down
83%
Grateful14 Weeks#57DJ Khaled ft. Beyonce & JAY ZShining
83%
Grateful21 Weeks#2DJ Khaled ft. Rihanna & Bryson TillerWild Thoughts
83%
Victory24 Weeks#24DJ Khaled ft. T-Pain, Ludacris, Snoop Dogg & Rick RossAll I Do Is Win
67%
God Did2 Weeks#29DJ Khaled ft. Future & SZABeautiful
67%
Khaled Khaled20 Weeks#20DJ Khaled ft. Lil Baby & Lil DurkEvery Chance I Get
67%
Khaled Khaled15 Weeks#8DJ Khaled ft. DrakeGREECE
67%
Father of Asahd2 Weeks#21DJ Khaled ft. Nipsey Hussle & John LegendHigher
67%
We the Best Forever23 Weeks#10DJ Khaled ft. Drake, Rick Ross & Lil WayneI'm On One
67%
We the Best20 Weeks#19DJ Khaled ft. T-Pain, Trick Daddy, Rick Ross & PliesI'm So Hood
67%
Father of Asahd15 Weeks#5DJ Khaled ft. Justin Bieber, Chance the Rapper & QuavoNo Brainer
67%
Khaled Khaled19 Weeks#3DJ Khaled ft. DrakePOPSTAR
67%
God Did14 Weeks#5DJ Khaled ft. Drake & Lil BabyStaying Alive
67%
Kiss the Ring20 Weeks#58DJ Khaled ft. Chris Brown, Rick Ross, Nicki Minaj & Lil WayneTake It To The Head
67%
Father of Asahd7 Weeks#22DJ Khaled ft. JAY Z, Future & BTop Off
67%
We the Best Forever7 Weeks#79DJ Khaled ft. Rick Ross, Plies, Lil Wayne & T-PainWelcome to My Hood
67%
Father of Asahd15 Weeks#19DJ Khaled ft. Cardi B & 21 SavageWish Wish
67%
God Did1 Week#31DJ Khaled ft. Lil Baby & FutureBig Time
50%
Father of Asahd1 Week#52DJ Khaled ft. Travi$ Scott & Post MaloneCelebrate
50%
Khaled Khaled2 Weeks#43DJ Khaled ft. Post Malone, Megan Thee Stallion, Lil Baby & DaBabyI Did It
50%
Major Key17 Weeks#30DJ Khaled ft. JAY Z & FutureI Got The Keys
50%
God Did1 Week#77DJ Khaled ft. Nardo Wick & Kodak BlackIt Ain't Safe
50%
Father of Asahd1 Week#57DJ Khaled ft. Chris Brown, Lil Wayne & Big SeanJealous
50%
God Did1 Week#55DJ Khaled ft. Juice WRLDJuice WRLD Did
50%
Father of Asahd13 Weeks#43DJ Khaled ft. SZAJust Us
50%
God Did1 Week#66DJ Khaled ft. Quavo & TakeoffParty
50%
Father of Asahd4 Weeks#44DJ Khaled ft. Meek Mill, J. Balvin, Lil Baby & JeremihYou Stay
50%
Khaled Khaled1 Week#79DJ Khaled ft. Bryson Tiller, Lil Baby & Roddy RicchBody in Motion
33%
C U L T U R E1 Week#93Migos ft. DJ KhaledCulture
33%
Grateful1 Week#68DJ Khaled & Calvin Harris ft. Travi$ Scott & JeremihDon't Quit
33%
We Global2 Weeks#69DJ Khaled ft. Kanye West & T-PainGo Hard
33%
Listenn...the Album4 Weeks#59DJ Khaled ft. Lil Wayne, Paul Wall, Fat Joe, Rick Ross & PitbullHolla at Me
33%
Major Key1 Week#84DJ Khaled ft. Big Sean, Kendrick Lamar & Betty WrightHoly Key
33%
I Changed a Lot15 Weeks#68DJ Khaled ft. Chris Brown, Lil Wayne & Big SeanHow Many Times
33%
Non-Album Single2 Weeks#51Meek Mill ft. T.I., Birdman, Lil Wayne, DJ Khaled, Rick Ross & Swizz BeatzIma Boss
33%
God Did1 Week#86DJ Khaled ft. Don Toliver & Travi$ ScottLet's Pray
33%
Suffering from Success19 Weeks#37DJ Khaled ft. Drake, Rick Ross & Lil WayneNo New Friends (SFTB Remix)
33%
Grateful1 Week#88DJ Khaled ft. Travi$ Scott, Rick Ross & Big SeanOn Everything
33%
We Global15 Weeks#38DJ Khaled ft. Akon, Rick Ross, Young Jeezy, Lil Boosie, Trick Daddy, Ace Hood & PliesOut Here Grindin'
33%
Til Next Time1 Week#52DJ Khaled, Lil Baby & Future ft. Lil Uzi VertSupposed To Be Loved
33%
Grateful4 Weeks#53DJ Khaled ft. DrakeTo The Max
33%
We the Best17 Weeks#28DJ Khaled ft. T.I., Akon, Rick Ross, Fat Joe, Lil Wayne & BabyWe Takin' Over
33%
Khaled Khaled1 Week#84DJ Khaled ft. Cardi BBig Paper
17%
Non-Album Single1 Week#80Jennifer Lopez ft. DJ Khaled & Cardi BDinero
17%
Kiss the Ring2 Weeks#78DJ Khaled ft. Kanye West & Rick RossI Wish You Would
17%
God Did1 Week#57DJ Khaled ft. Lil Durk, 21 Savage & Roddy RicchKeep Going
17%
Khaled Khaled2 Weeks#54DJ Khaled ft. Justin Bieber & 21 SavageLet It Go
17%
God Did1 Week#78DJ Khaled ft. DrakeNo Secret
17%
Khaled Khaled1 Week#30DJ Khaled ft. Jay-Z, Nas & James FauntleroySorry Not Sorry
17%
Khaled Khaled1 Week#100DJ Khaled ft. Lil Wayne & JeremihThankful
17%
God Did1 Week#49DJ Khaled ft. Kanye West & EminemUse This Gospel
17%
Cruel Summer1 Week#86Kanye West ft. DJ KhaledWay Too Cold
17%
Father of Asahd1 Week#91DJ Khaled ft. Meek Mill & Lil BabyWeather the Storm
17%

Score Distribution

Percentile by Number Answered

Percent of People with Each Score

Your Score History

You have not taken this quiz since the last reset